<?xml version="1.0" encoding="UTF-8"?><?xml-stylesheet type="text/xsl" href="static/style.xsl"?><OAI-PMH xmlns="http://www.openarchives.org/OAI/2.0/" xmlns:xsi="http://www.w3.org/2001/XMLSchema-instance" xsi:schemaLocation="http://www.openarchives.org/OAI/2.0/ http://www.openarchives.org/OAI/2.0/OAI-PMH.xsd"><responseDate>2026-04-27T18:52:53Z</responseDate><request verb="GetRecord" identifier="oai:riubu.ubu.es:10259/10888" metadataPrefix="marc">https://riubu.ubu.es/oai/request</request><GetRecord><record><header><identifier>oai:riubu.ubu.es:10259/10888</identifier><datestamp>2025-09-25T00:05:28Z</datestamp><setSpec>com_10259_5238</setSpec><setSpec>com_10259_5086</setSpec><setSpec>com_10259_2604</setSpec><setSpec>col_10259_6212</setSpec></header><metadata><record xmlns="http://www.loc.gov/MARC21/slim" xmlns:doc="http://www.lyncode.com/xoai" xmlns:xsi="http://www.w3.org/2001/XMLSchema-instance" xmlns:dcterms="http://purl.org/dc/terms/" xsi:schemaLocation="http://www.loc.gov/MARC21/slim http://www.loc.gov/standards/marcxml/schema/MARC21slim.xsd">
<leader>00925njm 22002777a 4500</leader>
<datafield tag="042" ind1=" " ind2=" ">
<subfield code="a">dc</subfield>
</datafield>
<datafield tag="720" ind1=" " ind2=" ">
<subfield code="a">Carrión Moneo, Elena</subfield>
<subfield code="e">author</subfield>
</datafield>
<datafield tag="720" ind1=" " ind2=" ">
<subfield code="a">Larrinaga González, Carlos</subfield>
<subfield code="e">author</subfield>
</datafield>
<datafield tag="720" ind1=" " ind2=" ">
<subfield code="a">Gallagher, Deborah Rigling</subfield>
<subfield code="e">author</subfield>
</datafield>
<datafield tag="260" ind1=" " ind2=" ">
<subfield code="c">2025-03</subfield>
</datafield>
<datafield tag="520" ind1=" " ind2=" ">
<subfield code="a">This paper explores the translation of the global decarbonization goal into net-zero organizational targets. Building on the Institutional Analysis and Development (IAD) framework developed by Ostrom and focusing on the case of the Science Based Targets initiative (SBTi), we study how accounting mediates in this translation. The study consists of an in-depth examination of SBTi's publicly available sources, which helped us identify and structure the subsequent analysis around four analytical dimensions: timeframe, target boundary, methods, and monitoring mechanisms. The findings of our analysis suggest that different points of friction are challenging the mediation of accounting and hindering the definition of net-zero targets and, therefore, corporate decision-making in response to climate urgency. The implications of our case spill over into recent sustainability standards, which provide a lower level of granularity in defining the technical accounting aspects of net-zero targets.</subfield>
</datafield>
<datafield tag="024" ind2=" " ind1="8">
<subfield code="a">0890-8389</subfield>
</datafield>
<datafield tag="024" ind2=" " ind1="8">
<subfield code="a">https://hdl.handle.net/10259/10888</subfield>
</datafield>
<datafield tag="024" ind2=" " ind1="8">
<subfield code="a">10.1016/j.bar.2024.101456</subfield>
</datafield>
<datafield ind1=" " ind2=" " tag="653">
<subfield code="a">Carbon accounting</subfield>
</datafield>
<datafield ind1=" " ind2=" " tag="653">
<subfield code="a">Net-zero emissions</subfield>
</datafield>
<datafield ind1=" " ind2=" " tag="653">
<subfield code="a">Science Based Targets initiative (SBTi)</subfield>
</datafield>
<datafield ind1=" " ind2=" " tag="653">
<subfield code="a">Sustainability reporting frameworks</subfield>
</datafield>
<datafield tag="245" ind1="0" ind2="0">
<subfield code="a">Carbon accounting for the translation of net-zero targets into business operations</subfield>
</datafield>
</record></metadata></record></GetRecord></OAI-PMH>